[Event "4NCL Online Division 7"]
[Site "online"]
[Date "2021.03.09"]
[EventDate "2021.03.09"]
[Round "4.223"]
[White "Evans, Alf"]
[WhiteElo "1335"]
[WhiteTeam "Far, Far Away"]
[Black "Leake, John"]
[BlackElo "1303"]
[BlackTeam "Wantage B"]
[Result "0-1"]
[PlyCount "70"]

1. e4 e5 2. Nf3 Nc6 3. Bc4 Nf6 4. Nc3 d6 5. h3 a6 6. a3 Bd7 7. d3 Na5 8. Ba2 Qe7 9. Bg5 h6 10. Nd5 Qd8 11. Nxf6+ gxf6 12. Be3 Be6 13. c4 Rg8 14. g3 Qd7 15. Qd2 Nc6 16. Bxh6 Bxh3 17. Bxf8 Rxf8 18. O-O-O Bg4 19. Qe3 Nd4 20. Nxd4 Bxd1 21. Rxd1 exd4 22. Qxd4 Qe6 23. Kb1 c5 24. Qe3 O-O-O 25. Bb3 Rd7 26. Rc1 f5 27. f3 Re7 28. Re1 Qg6 29. Rg1 fxe4 30. dxe4 f5 31. Bc2 Qh7 32. Qf4 Kd7 33. exf5 Qh2 34. Rd1 Rf6 35. g4 Qxf4 0-1

[Event "4NCL Online Division 7"]
[Site "online"]
[Date "2021.03.09"]
[EventDate "2021.03.09"]
[Round "4.224"]
[White "Mahon, Paul"]
[WhiteElo "1150"]
[WhiteTeam "Wantage B"]
[Black "Ritchie, Stephen"]
[BlackElo "1164"]
[BlackTeam "Far, Far Away"]
[Result "1-0"]
[PlyCount "113"]

1. e4 e5 2. Bc4 Nf6 3. Nf3 Nc6 4. d3 Bc5 5. h3 O-O 6. Bg5 h6 7. Bh4 Be7 8. Nbd2 d6 9. a3 Be6 10. c3 Bxc4 11. Nxc4 Qd7 12. O-O Nh7 13. Bxe7 Qxe7 14. b4 a6 15. Ne3 Ng5 16. Nd5 Nxf3+ 17. Qxf3 Qd7 18. Ne3 Rfe8 19. Qg4 Qxg4 20. Nxg4 Rad8 21. Ne3 Ne7 22. f4 Kf8 23. f5 f6 24. c4 Kf7 25. Rac1 Nc6 26. Nd5 Rc8 27. c5 Ne7 28. Nxe7 Kxe7 29. cxd6+ cxd6 30. g4 Kd7 31. Kf2 Rxc1 32. Rxc1 Rc8 33. Rxc8 Kxc8 34. Ke3 Kc7 35. d4 Kc6 36. a4 Kb6 37. Kd3 Kc6 38. d5+ Kb6 39. Kc4 Kc7 40. a5 Kd7 41. h4 Kc7 42. h5 Kd7 43. b5 axb5+ 44. Kxb5 Kc7 45. Kc4 Kd7 46. Kb5 Kc7 47. a6 bxa6+ 48. Kxa6 Kc8 49. Kb6 Kd7 50. Kb7 Kd8 51. Kc6 Ke7 52. Kc7 Ke8 53. Kxd6 Kd8 54. Ke6 Ke8 55. d6 Kd8 56. d7 Kc7 57. Ke7 1-0

[Event "4NCL Online Division 7"]
[Site "online"]
[Date "2021.03.09"]
[EventDate "2021.03.09"]
[Round "4.231"]
[White "Geear, Alistair"]
[WhiteElo "1600"]
[WhiteTeam "Harborough Cuatro 2"]
[Black "Molleker, Stanislav"]
[BlackElo "1400"]
[BlackTeam "MK Phoenix 5"]
[Result "1-0"]
[PlyCount "63"]

1. d4 Nf6 2. c4 g6 3. Nc3 Bg7 4. Nf3 d6 5. Bg5 O-O 6. e3 h6 7. Bh4 Nbd7 8. Qc2 c6 9. Be2 e5 10. O-O Qe8 11. Rfd1 e4 12. Nd2 d5 13. cxd5 cxd5 14. Rac1 b6 15. Bb5 Qe6 16. Bg3 Nh5 17. Bc7 Bb7 18. Qa4 Ndf6 19. h3 Rac8 20. Bh2 a5 21. Be2 Qe8 22. Qb3 Nd7 23. Nxd5 Bxd5 24. Qxd5 Nhf6 25. Qb3 Kh7 26. Rc3 Rxc3 27. bxc3 Qa8 28. Rb1 Nd5 29. Nxe4 Rc8 30. c4 Nb4 31. Nd6 Rc6 32. Bf3 1-0

[Event "4NCL Online Division 7"]
[Site "online"]
[Date "2021.03.09"]
[EventDate "2021.03.09"]
[Round "4.232"]
[White "Cox, David"]
[WhiteElo "1252"]
[WhiteTeam "MK Phoenix 5"]
[Black "Collins, RF (Bob)"]
[BlackElo "1468"]
[BlackTeam "Harborough Cuatro 2"]
[Result "1-0"]
[PlyCount "103"]

1. e4 c5 2. d4 cxd4 3. c3 dxc3 4. Nxc3 Nc6 5. Nf3 d6 6. Bc4 e6 7. O-O Nf6 8. Qe2 Be7 9. Rd1 O-O 10. e5 Ne8 11. Bf4 Bd7 12. exd6 Bf6 13. Rac1 Bxc3 14. Rxc3 Qa5 15. a3 Nf6 16. Qd3 a6 17. b4 Qh5 18. Re1 h6 19. Ne5 Nxe5 20. Bxe5 Ne8 21. Ba2 b5 22. Bb1 f5 23. f4 Qf7 24. Rf1 Nf6 25. h3 Nd5 26. Rcc1 Rac8 27. Rcd1 Bc6 28. Qg3 Nb6 29. Qf2 Nc4 30. Rd3 Qd7 31. Rg3 Rf7 32. Qd4 Bd5 33. Rg6 Nxd6 34. g4 Rc4 35. Qa1 Ne4 36. g5 hxg5 37. fxg5 Nd2 38. Rf2 Rc1+ 39. Kh2 Rxb1 40. Qc3 Ne4 41. Qe3 Nxf2 42. Qxf2 Qe8 43. Qh4 Qd7 44. Qf4 Qa7 45. Bd4 Qc7 46. Be5 Qd7 47. h4 Bc4 48. Bc3 Kh7 49. h5 Qd1 50. Rxg7+ Rxg7 51. g6+ Kg8 52. Qb8+ 1-0

[Event "4NCL Online Division 7"]
[Site "online"]
[Date "2021.03.09"]
[EventDate "2021.03.09"]
[Round "4.233"]
[White "Hill, Granville"]
[WhiteElo "1425"]
[WhiteTeam "Harborough Cuatro 2"]
[Black "Wayne, Steven"]
[BlackElo "1205"]
[BlackTeam "MK Phoenix 5"]
[Result "1-0"]
[PlyCount "159"]

1. e4 c6 2. d4 d5 3. Bd3 dxe4 4. Bxe4 Nf6 5. Bf3 e6 6. Nc3 Bb4 7. Ne2 O-O 8. Bg5 h6 9. Bf4 Nbd7 10. O-O Nb6 11. a3 Bd6 12. Qd2 Nc4 13. Qc1 Bxf4 14. Qxf4 Nxb2 15. Ng3 Nc4 16. Be2 Nd6 17. Rfe1 Qa5 18. Nce4 Nd5 19. Qxd6 Qd8 20. Qxd8 Rxd8 21. c4 Nf4 22. Rad1 b6 23. Nc3 Bb7 24. Nh5 Nxh5 25. Bxh5 g6 26. Bf3 Ba6 27. Bxc6 Rac8 28. Bb5 Bxb5 29. Nxb5 Rxc4 30. Re5 Kg7 31. Nxa7 Rcxd4 32. Rxd4 Rxd4 33. g3 Ra4 34. Nc6 Rxa3 35. Rb5 Ra1+ 36. Kg2 Re1 37. Ne5 f6 38. Nf3 Rd1 39. Rxb6 e5 40. Ng1 e4 41. h4 Rd2 42. Rb3 f5 43. Nh3 Kf6 44. Nf4 g5 45. hxg5+ hxg5 46. Nh3 Rd3 47. Rb6+ Ke5 48. Rb5+ Kf6 49. Kf1 e3 50. f3 Rd2 51. Rb6+ Ke5 52. Nxg5 Rf2+ 53. Ke1 Rg2 54. Nf7+ Kd4 55. Rd6+ Kc3 56. Ne5 Rd2 57. Rc6+ Kd4 58. f4 Rg2 59. Rg6 e2 60. Nf3+ Ke3 61. Re6+ Kxf3 62. Rc6 Ke3 63. Rc3+ Ke4 64. Kd2 Rh2 65. Re3+ Kd4 66. Rxe2 Rxe2+ 67. Kxe2 Ke4 68. Kf2 Kd4 69. Kg2 Ke4 70. Kh3 Kf3 71. Kh4 Ke4 72. Kg5 Kf3 73. Kxf5 Kxg3 74. Kg5 Kf3 75. f5 Ke4 76. f6 Ke5 77. Kg6 Ke6 78. Kg7 Kd7 79. f7 Ke7 80. f8=Q+ 1-0

[Event "4NCL Online Division 7"]
[Site "online"]
[Date "2021.03.09"]
[EventDate "2021.03.09"]
[Round "4.234"]
[White "Cutler, Matthew"]
[WhiteElo "1015"]
[WhiteTeam "MK Phoenix 5"]
[Black "Butler, Rene"]
[BlackElo "1166"]
[BlackTeam "Harborough Cuatro 2"]
[Result "1/2-1/2"]
[PlyCount "80"]

1. e4 c5 2. Nf3 d6 3. d4 cxd4 4. Nxd4 Nc6 5. Nc3 a6 6. Be3 Nf6 7. Bd3 Nxd4 8. Bxd4 e5 9. Be3 Be7 10. Qd2 O-O 11. O-O-O Be6 12. b3 d5 13. exd5 Bxd5 14. Nxd5 Qxd5 15. g3 a5 16. Bg5 Qc5 17. Bxf6 Bxf6 18. c3 Rfd8 19. Qc2 g6 20. Kb2 Be7 21. b4 Qc7 22. Be4 Rxd1 23. Rxd1 axb4 24. c4 Rd8 25. Rxd8+ Bxd8 26. h4 Qd6 27. Qd3 Qxd3 28. Bxd3 Be7 29. Kb3 f5 30. f3 Kf7 31. Ka4 Bc5 32. g4 fxg4 33. fxg4 b6 34. Be4 Kf6 35. g5+ Kg7 36. Kb5 h6 37. Kc6 hxg5 38. hxg5 Kf7 39. Kd5 Be3 40. Kc6 Bc5 1/2-1/2

[Event "4NCL Online Division 7"]
[Site "online"]
[Date "2021.03.09"]
[EventDate "2021.03.09"]
[Round "4.241"]
[White "Shiva, Shrishti"]
[WhiteElo "1219"]
[WhiteTeam "Colchester JFF C"]
[Black "Buckingham, Michael J"]
[BlackElo "1592"]
[BlackTeam "Redbridge All Sorts 4"]
[Result "1-0"]
[PlyCount "77"]

1. e4 c5 2. Bc4 d6 3. Nc3 a6 4. d3 b5 5. Bd5 Ra7 6. Bb3 Nf6 7. Bg5 e6 8. Nf3 Be7 9. O-O Bb7 10. a3 O-O 11. h3 Nbd7 12. Re1 Nb6 13. Nd2 d5 14. exd5 Nfxd5 15. Bxe7 Nxe7 16. Nce4 Qc7 17. c4 Rd8 18. Qe2 Nf5 19. Nf3 Nd4 20. Nxd4 Rxd4 21. cxb5 Bxe4 22. dxe4 c4 23. Rac1 axb5 24. Red1 Rxd1+ 25. Bxd1 Qd6 26. Qe3 Rd7 27. Bf3 e5 28. Rd1 Qc6 29. Rxd7 Nxd7 30. Qa7 Nf8 31. Qb8 f6 32. Bg4 Kf7 33. Bf3 Nd7 34. Qa7 Kg6 35. Bg4 Nc5 36. Bf5+ Kh6 37. Qf7 g6 38. Qf8+ Kg5 39. h4+ 1-0

[Event "4NCL Online Division 7"]
[Site "online"]
[Date "2021.03.09"]
[EventDate "2021.03.09"]
[Round "4.242"]
[White "Wang, Luoke"]
[WhiteElo "1446"]
[WhiteTeam "Redbridge All Sorts 4"]
[Black "Baig, Huzaifa"]
[BlackElo "1212"]
[BlackTeam "Colchester JFF C"]
[Result "0-1"]
[PlyCount "116"]

1. d4 Nf6 2. c4 d5 3. cxd5 Nxd5 4. e4 Nb6 5. Nc3 e5 6. d5 Bb4 7. Qb3 Bxc3+ 8. bxc3 O-O 9. Be2 Qh4 10. Qc2 f5 11. Bf3 fxe4 12. Qxe4 Qxe4+ 13. Bxe4 Bf5 14. f3 Bxe4 15. fxe4 c6 16. dxc6 Nxc6 17. Nf3 Rad8 18. Ke2 Rd7 19. Be3 Nc4 20. Rhd1 Rfd8 21. Rxd7 Rxd7 22. Rb1 b6 23. Rb5 Kf8 24. Rd5 Rxd5 25. exd5 Ne7 26. d6 Nf5 27. Bf2 Nfxd6 28. Bg3 e4 29. Bxd6+ Nxd6 30. Nd2 Ke7 31. Ke3 Ke6 32. Nxe4 Nxe4 33. Kxe4 Kd6 34. Kd4 Ke6 35. a4 Kd6 36. h3 h6 37. g4 g5 38. c4 Kc6 39. Ke5 Kc5 40. Kf6 Kxc4 41. Kg6 b5 42. axb5 Kxb5 43. Kxh6 a5 44. Kxg5 a4 45. h4 a3 46. h5 a2 47. h6 a1=Q 48. Kg6 Qh8 49. g5 Kc6 50. h7 Kd7 51. Kh6 Ke7 52. g6 Kf6 53. Kh5 Qg7 54. Kg4 Qxg6+ 55. Kf3 Qxh7 56. Ke3 Qf5 57. Kd4 Qe6 58. Kc3 Qe4 0-1

[Event "4NCL Online Division 7"]
[Site "online"]
[Date "2021.03.09"]
[EventDate "2021.03.09"]
[Round "4.243"]
[White "Salkauskas, Deimantas"]
[WhiteElo "969"]
[WhiteTeam "Colchester JFF C"]
[Black "Senan, Tu"]
[BlackElo "1495"]
[BlackTeam "Redbridge All Sorts 4"]
[Result "1-0"]
[PlyCount "77"]

1. e4 d6 2. d4 Nf6 3. Nc3 g6 4. Bg5 Bg7 5. g3 O-O 6. Nf3 c5 7. dxc5 Qa5 8. cxd6 Nxe4 9. Bxe7 Re8 10. Bg2 Nxc3 11. bxc3 Bxc3+ 12. Nd2 Bxa1 13. Qxa1 Nd7 14. Qc1 Qe5+ 15. Ne4 f5 16. f4 Qa5+ 17. Nd2 Qa6 18. Bd5+ Kg7 19. Qb2+ Kh6 20. Bf7 Qxd6 21. Bxe8 Qxe7+ 22. Kd1 Qxe8 23. h3 Qf8 24. g4 Qd6 25. g5+ Kh5 26. Qg7 Kh4 27. Qh6+ Kg3 28. Rg1+ Kh2 29. Qh4 Kxg1 30. Qg3+ Kh1 31. Ke1 Qd4 32. Nf3 Qc3+ 33. Kf2 Qxc2+ 34. Kf1 Qd3+ 35. Ke1 Qb1+ 36. Ke2 Qxa2+ 37. Ke3 Qg2 38. Qe1+ Qg1+ 39. Qxg1# 1-0

[Event "4NCL Online Division 7"]
[Site "online"]
[Date "2021.03.09"]
[EventDate "2021.03.09"]
[Round "4.244"]
[White "He, Kingsley"]
[WhiteElo "842"]
[WhiteTeam "Colchester JFF C"]
[Black "Jestico, John V"]
[BlackElo "1453"]
[BlackTeam "Redbridge All Sorts 4"]
[Result "0-1"]
[PlyCount "63"]

1. e4 e6 2. d4 d5 3. e5 c5 4. Nf3 Qb6 5. c3 a6 6. a3 Nc6 7. Be3 Qxb2 8. dxc5 Qxa1 9. Nd4 Nxd4 10. Bxd4 Qb2 11. Qa4+ Bd7 12. Qd1 Rc8 13. Bd3 Bxc5 14. Bxc5 Rxc5 15. O-O Qb6 16. c4 Bc6 17. cxd5 Bxd5 18. Qd2 Ne7 19. Rd1 O-O 20. Qf4 Ng6 21. Qe3 Qc7 22. Nd2 Nxe5 23. Bb1 f5 24. Nf1 Ng4 25. Qd2 Rd8 26. Qg5 Rf8 27. f3 h6 28. Qd2 Nf6 29. Ne3 Qb6 30. g4 f4 31. Nxd5 exd5 32. Qd3 0-1

[Event "4NCL Online Division 7"]
[Site "online"]
[Date "2021.03.09"]
[EventDate "2021.03.09"]
[Round "4.251"]
[White "Bonner, Dennis M"]
[WhiteElo "1495"]
[WhiteTeam "Shropshire 6"]
[Black "Oh, Julie"]
[BlackElo "1503"]
[BlackTeam "Barnet Knights D"]
[Result "0-1"]
[PlyCount "108"]

1. d4 e6 2. Bf4 Nf6 3. e3 c5 4. c3 Qb6 5. Qc2 Nc6 6. Nf3 Be7 7. Nbd2 Nd5 8. Bg3 d6 9. Bd3 h6 10. O-O a6 11. Nc4 Qd8 12. h3 b5 13. Ncd2 Bb7 14. e4 Nf6 15. Rfe1 c4 16. Bf1 Qd7 17. e5 Nd5 18. Ne4 dxe5 19. Nxe5 Nxe5 20. Bxe5 Nf6 21. Nd2 Bd6 22. Rad1 Bxe5 23. dxe5 Nd5 24. Ne4 O-O 25. Nd6 Bc6 26. Rd4 f6 27. f4 fxe5 28. fxe5 Rf4 29. Rxf4 Nxf4 30. Rd1 Bd5 31. Rd2 Rf8 32. Rf2 Qa7 33. Kh2 Qe3 34. Qd2 Qxe5 35. Rxf4 Qxd6 36. Kg1 Qxf4 37. Qe2 g5 38. a3 e5 39. Qd1 e4 40. Qxd5+ Qf7 41. Qd1 e3 42. Be2 Qf2+ 43. Kh1 Qf4 44. Qd5+ Kh8 45. Qd7 Qf2 46. Qd1 Qf6 47. Kh2 Rd8 48. Qc2 Qf4+ 49. Kh1 Qf2 50. Kh2 Qf6 51. Qc1 Rd2 52. Qg1 Rxe2 53. Qd1 Rxb2 54. Qc1 e2 0-1

[Event "4NCL Online Division 7"]
[Site "online"]
[Date "2021.03.09"]
[EventDate "2021.03.09"]
[Round "4.252"]
[White "Gardner, Kai"]
[WhiteElo "1374"]
[WhiteTeam "Barnet Knights D"]
[Black "Holyhead, James"]
[BlackElo "1473"]
[BlackTeam "Shropshire 6"]
[Result "0-1"]
[PlyCount "70"]

1. e4 c6 2. c4 d5 3. cxd5 cxd5 4. exd5 Nf6 5. Nf3 Nxd5 6. Bc4 g6 7. d4 Bg7 8. O-O O-O 9. Be3 Nc6 10. Nc3 Nxc3 11. bxc3 Qc7 12. Qb3 Na5 13. Bxf7+ Rxf7 14. Qc2 Bf5 15. Qb2 Rc8 16. Rac1 Nc4 17. Qb3 Kh8 18. Ng5 Rf6 19. Rfd1 h6 20. Nf3 Rb6 21. Qa4 Nb2 22. Qa3 Nxd1 23. Rxd1 Qxc3 24. Qxe7 Qc7 25. Qh4 Qc2 26. Re1 Qe4 27. Qg3 Qg4 28. Qxg4 Bxg4 29. Nh4 g5 30. Nf3 Bxf3 31. gxf3 Rd6 32. Rd1 Rcd8 33. d5 b6 34. f4 gxf4 35. Bxf4 Rxd5 0-1

[Event "4NCL Online Division 7"]
[Site "online"]
[Date "2021.03.09"]
[EventDate "2021.03.09"]
[Round "4.253"]
[White "Purser, Anthony"]
[WhiteElo "1443"]
[WhiteTeam "Shropshire 6"]
[Black "Rupf, Oscar"]
[BlackElo "1365"]
[BlackTeam "Barnet Knights D"]
[Result "0-1"]
[PlyCount "70"]

1. d4 e6 2. e3 d5 3. f4 Nf6 4. Bd3 Nc6 5. c3 Bd6 6. Nf3 O-O 7. Nbd2 Re8 8. O-O h6 9. Ne5 Bxe5 10. fxe5 Nd7 11. Qh5 Rf8 12. Rf3 Ne7 13. Rg3 Ng6 14. Nf3 b6 15. b3 c5 16. Bxg6 fxg6 17. Rxg6 Qe7 18. Qxh6 Rf7 19. Ng5 Nf8 20. Nxf7 Nxg6 21. Qxg6 Qxf7 22. Qxf7+ Kxf7 23. Ba3 c4 24. bxc4 dxc4 25. Rf1+ Kg6 26. Rf8 Bb7 27. Rxa8 Bxa8 28. Be7 Kf5 29. g3 Ke4 30. Kf2 Kd3 31. h4 Kxc3 32. Ke2 Kb2 33. Bb4 a5 34. a3 axb4 35. axb4 c3 0-1

[Event "4NCL Online Division 7"]
[Site "online"]
[Date "2021.03.09"]
[EventDate "2021.03.09"]
[Round "4.254"]
[White "Scott, Jane"]
[WhiteElo "1356"]
[WhiteTeam "Barnet Knights D"]
[Black "Casewell, John M"]
[BlackElo "1305"]
[BlackTeam "Shropshire 6"]
[Result "0-1"]
[PlyCount "44"]

1. e4 c5 2. Nf3 Nc6 3. d4 cxd4 4. Nxd4 Nf6 5. Nc3 a6 6. Bc4 e6 7. Be3 Ne5 8. Bb3 b5 9. f3 Bb7 10. Qd2 Be7 11. O-O O-O 12. a3 Rc8 13. f4 Nc4 14. Bxc4 Rxc4 15. Qd3 Rc8 16. Rf3 Bc5 17. Rh3 d5 18. e5 Ne4 19. Nf3 Bxe3+ 20. Qxe3 Rc4 21. Qd3 Qb6+ 22. Kf1 Qf2# 0-1

[Event "4NCL Online Division 7"]
[Site "online"]
[Date "2021.03.09"]
[EventDate "2021.03.09"]
[Round "4.261"]
[White "Dykes, Amy"]
[WhiteElo "1366"]
[WhiteTeam "RCSI Team 2"]
[Black "Gauri, Dhairye"]
[BlackElo "1315"]
[BlackTeam "Uxbridge Eagles"]
[Result "0-1"]
[PlyCount "56"]

1. e4 e5 2. Nf3 Nc6 3. Nc3 Bc5 4. Bc4 Nf6 5. d3 h6 6. O-O O-O 7. Re1 d6 8. Bd2 Bg4 9. Nd5 a6 10. Bc3 b5 11. Bb3 b4 12. Bd2 Nd4 13. Be3 Nxf3+ 14. gxf3 Bh3 15. f4 Ng4 16. Bxc5 dxc5 17. Qf3 Qh4 18. Nxc7 Rac8 19. Ne6 Rfe8 20. Ng5 hxg5 21. fxg5 Rf8 22. g6 Nh6 23. c3 Bg4 24. Qe3 Bh3 25. Rac1 Be6 26. Ba4 fxg6 27. Rf1 Ng4 28. Qd2 Qxh2# 0-1

[Event "4NCL Online Division 7"]
[Site "online"]
[Date "2021.03.09"]
[EventDate "2021.03.09"]
[Round "4.262"]
[White "Martellotta, Gabriele"]
[WhiteElo "1352"]
[WhiteTeam "Uxbridge Eagles"]
[Black "Cummins, Harry"]
[BlackElo "1422"]
[BlackTeam "RCSI Team 2"]
[Result "1-0"]
[PlyCount "53"]

1. d4 d5 2. c4 c6 3. cxd5 cxd5 4. Nc3 e6 5. Nf3 Nf6 6. Bg5 g6 7. e4 Bg7 8. e5 Nbd7 9. exf6 Nxf6 10. Bd3 h6 11. Bxf6 Qxf6 12. O-O O-O 13. Ne5 h5 14. Nb5 Qg5 15. Nf3 Qh6 16. Rc1 Bd7 17. Ne5 Bxb5 18. Bxb5 a6 19. Be2 b5 20. Rc7 Qg5 21. f4 Qd8 22. Qc2 Bf6 23. Rc1 g5 24. Bxh5 gxf4 25. Bxf7+ Kg7 26. Qg6+ Kh8 27. Qh6# 1-0

[Event "4NCL Online Division 7"]
[Site "online"]
[Date "2021.03.09"]
[EventDate "2021.03.09"]
[Round "4.263"]
[White "O'Keefe, Sarah"]
[WhiteElo "1258"]
[WhiteTeam "RCSI Team 2"]
[Black "Knight, Samuel"]
[BlackElo "1291"]
[BlackTeam "Uxbridge Eagles"]
[Result "0-1"]
[PlyCount "42"]

1. e4 e6 2. d4 d5 3. f3 c5 4. Nc3 cxd4 5. Qxd4 Nc6 6. Qe3 dxe4 7. fxe4 Nf6 8. Bd2 g6 9. O-O-O Bg7 10. e5 Ng4 11. Qg3 Ngxe5 12. Bg5 Qb6 13. Na4 Qa5 14. b3 O-O 15. Ne2 b5 16. Bd2 Qc7 17. h4 bxa4 18. h5 axb3 19. cxb3 Nb4+ 20. Kb1 Qc2+ 21. Ka1 Qxa2# 0-1

[Event "4NCL Online Division 7"]
[Site "online"]
[Date "2021.03.09"]
[EventDate "2021.03.09"]
[Round "4.264"]
[White "Bhat, Advay"]
[WhiteElo "1247"]
[WhiteTeam "Uxbridge Eagles"]
[Black "McNee, Molly"]
[BlackElo "1023"]
[BlackTeam "RCSI Team 2"]
[Result "1-0"]
[PlyCount "113"]

1. e4 e5 2. Nf3 Nc6 3. d4 exd4 4. Nxd4 Bc5 5. Be3 Qf6 6. c3 Qd6 7. Be2 Nf6 8. Bf3 O-O 9. O-O Ne7 10. b4 Bb6 11. a3 c6 12. c4 Bc7 13. g3 a6 14. Bf4 c5 15. Bxd6 Bxd6 16. Nf5 Be5 17. Nxe7+ Kh8 18. Ra2 d6 19. Nxc8 Raxc8 20. Bg4 Rcd8 21. f4 Bd4+ 22. Kh1 Nxe4 23. Qf3 Rde8 24. Re2 b5 25. Rxe4 Bb2 26. bxc5 dxc5 27. Rxe8 Rxe8 28. Qf2 Bd4 29. Re1 Rd8 30. Qe2 g6 31. cxb5 axb5 32. Qxb5 f5 33. Re8+ Rxe8 34. Qxe8+ Kg7 35. Be2 h6 36. a4 g5 37. Bc4 h5 38. Qf7+ Kh6 39. Qxf5 h4 40. Qxg5+ Kh7 41. Bd3+ Kh8 42. Qxh4+ Kg7 43. Qg5+ Kf7 44. a5 Bf6 45. Qxc5 Bd8 46. a6 Ke6 47. Qe5+ Kd7 48. a7 Kc8 49. a8=Q+ Kd7 50. Qed5+ Kc7 51. Qdb7+ Kd6 52. Qaa6+ Kc5 53. Qac6+ Kd4 54. Qbd7+ Ke3 55. Qce6+ Kf3 56. Qe4+ Kf2 57. Qe2# 1-0

[Event "4NCL Online Division 7"]
[Site "online"]
[Date "2021.03.09"]
[EventDate "2021.03.09"]
[Round "4.271"]
[White "Welch, Stephen T"]
[WhiteElo "1434"]
[WhiteTeam "Londinium Legionaries"]
[Black "Badacsonyi, Stanley"]
[BlackElo "1214"]
[BlackTeam "MHJ Knights"]
[Result "1-0"]
[PlyCount "177"]

1. d4 Nf6 2. Bf4 d5 3. e3 c5 4. c3 e6 5. Nf3 Nc6 6. h3 Be7 7. Bd3 c4 8. Bc2 b5 9. Nbd2 Bb7 10. O-O O-O 11. Re1 a5 12. e4 h6 13. e5 Nd7 14. a3 b4 15. axb4 axb4 16. Rxa8 Qxa8 17. Nh2 b3 18. Bb1 Qa7 19. Ng4 Ra8 20. Nxh6+ gxh6 21. Bxh6 f5 22. exf6 Nxf6 23. Rxe6 Kf7 24. Qe2 Re8 25. Nf3 Rg8 26. Kh2 Qb8+ 27. g3 Qc8 28. Ng5+ Rxg5 29. Bxg5 Qxe6 30. Bg6+ Kxg6 31. Qxe6 Kxg5 32. f4+ Kg6 33. g4 Kg7 34. g5 Ne4 35. Qxd5 Nd6 36. f5 Kh7 37. g6+ Kg7 38. Kg3 Nd8 39. Qe5+ Kg8 40. Kf4 Bf8 41. f6 Bh6+ 42. Kg4 Bc8+ 43. Kf3 Bb7+ 44. d5 Bf8 45. g7 N8f7 46. gxf8=Q+ Kxf8 47. Qe7+ Kg8 48. Kf4 Bxd5 49. Qe2 Kf8 50. Qh5 Be4 51. Qc5 Bd3 52. h4 Kg8 53. h5 Kf8 54. Qg1 Ne8 55. Qc5+ Ned6 56. h6 Ke8 57. Qa7 Kd8 58. Qe7+ Kc8 59. Qe6+ Kd8 60. Qh3 Bh7 61. Qh4 Kd7 62. Qg4+ Kc6 63. Qg7 Bd3 64. h7 Bxh7 65. Qxh7 Kd5 66. Qh5+ Ke6 67. Qg4+ Kxf6 68. Qh4+ Ke6 69. Qg4+ Kd5 70. Qf3+ Kc5 71. Qe3+ Kd5 72. Qd4+ Ke6 73. Qa7 Kd5 74. Qa5+ Ke6 75. Qh5 Kd7 76. Ke3 Kc6 77. Qf3+ Kc5 78. Qh5+ Kc6 79. Kd4 Kd7 80. Kd5 Kc7 81. Qh7 Kb6 82. Qh4 Kb5 83. Qf2 Ka6 84. Kc6 Nc8 85. Qxf7 Na7+ 86. Kc5 Nb5 87. Qxc4 Ka7 88. Qxb5 Ka8 89. Kc6 1-0

[Event "4NCL Online Division 7"]
[Site "online"]
[Date "2021.03.09"]
[EventDate "2021.03.09"]
[Round "4.273"]
[White "Clerc, Nikolai"]
[WhiteElo "1200"]
[WhiteTeam "Londinium Legionaries"]
[Black "Bedretdinov, Rasul"]
[BlackElo "917"]
[BlackTeam "MHJ Knights"]
[Result "0-1"]
[PlyCount "113"]

1. d4 d5 2. Bf4 Nf6 3. e3 e6 4. Nf3 c5 5. Bd3 cxd4 6. exd4 Be7 7. O-O O-O 8. Nbd2 Nc6 9. c3 Bd6 10. Ne5 Qc7 11. Re1 Nd7 12. Nxd7 Bxd7 13. Bxd6 Qxd6 14. Nf3 f6 15. Qc2 e5 16. Bxh7+ Kh8 17. Bg6 exd4 18. Qa4 f5 19. Nh4 Ne5 20. Qb4 Qf6 21. Qxd4 Nxg6 22. Nxg6+ Qxg6 23. Re7 Bc6 24. Rae1 Rfe8 25. Qh4+ Kg8 26. R1e6 Qh7 27. Rxe8+ Rxe8 28. Rxe8+ Bxe8 29. Qd8 Qh5 30. Qxd5+ Kh7 31. h3 Bc6 32. Qd2 Qg6 33. f4 Qg3 34. a3 Kh6 35. b4 g6 36. c4 b5 37. c5 Qxa3 38. Kh2 Be4 39. Qf2 Qxb4 40. Qh4+ Kg7 41. Qe7+ Kh8 42. Qh4+ Kg8 43. Qd8+ Kf7 44. Qd7+ Kg8 45. Qd8+ Kf7 46. Qd7+ Kf6 47. Qd8+ Ke6 48. Qc8+ Kd5 49. Qd7+ Kxc5 50. Qxa7+ Kc4 51. Qc7+ Qc5 52. Qf7+ Bd5 53. Qxg6 b4 54. Qxf5 b3 55. Qb1 Kb4 56. Qb2 Qc3 57. Qxb3+ 0-1

[Event "4NCL Online Division 7"]
[Site "online"]
[Date "2021.03.09"]
[EventDate "2021.03.09"]
[Round "4.274"]
[White "Sawyer, Charlie"]
[WhiteElo "925"]
[WhiteTeam "MHJ Knights"]
[Black "Agazade, Murad"]
[BlackElo "1188"]
[BlackTeam "Londinium Legionaries"]
[Result "1/2-1/2"]
[PlyCount "143"]

1. e4 e6 2. Nf3 d5 3. d3 dxe4 4. dxe4 Qxd1+ 5. Kxd1 Nc6 6. Nc3 Nf6 7. Bd3 Ng4 8. Ke2 Bb4 9. h3 Bxc3 10. hxg4 Bd4 11. Nxd4 Nxd4+ 12. Kd2 e5 13. b3 Bxg4 14. Bb2 c5 15. f3 Be6 16. Rae1 O-O 17. g4 Nxf3+ 18. Ke2 Nxe1 19. Kxe1 a5 20. Bxe5 Bxg4 21. Rg1 f6 22. Bc3 Be6 23. Bd2 a4 24. Bh6 Rf7 25. Be3 axb3 26. cxb3 Rd7 27. Bh6 g6 28. Bc2 Rxa2 29. Bd1 Ra1 30. Kf2 Raxd1 31. Rxd1 Rxd1 32. Ke2 Rh1 33. Be3 Rh2+ 34. Kd3 Rh3 35. Kd2 Rxe3 36. Kxe3 h5 37. Kf3 Bxb3 38. Kg3 c4 39. Kf2 c3 40. Ke1 h4 41. Ke2 c2 42. Kd2 c1=Q+ 43. Kxc1 Bc2 44. Kxc2 h3 45. Kd1 h2 46. Ke1 h1=Q+ 47. Kf2 f5 48. Kg3 fxe4 49. Kf4 e3 50. Kxe3 b5 51. Kd3 b4 52. Kc4 b3 53. Kxb3 g5 54. Kc3 g4 55. Kd3 Qd5+ 56. Ke3 g3 57. Ke2 Qe4+ 58. Kf1 g2+ 59. Kg1 Qe1+ 60. Kxg2 Qe5 61. Kf3 Kg7 62. Kg4 Qf6 63. Kh5 Kf8 64. Kg4 Ke7 65. Kh3 Kd6 66. Kg2 Qf4 67. Kh3 Qg5 68. Kh2 Qg4 69. Kh1 Ke5 70. Kh2 Ke4 71. Kh1 Qg2+ 72. Kxg2 1/2-1/2

[Event "4NCL Online Division 7"]
[Site "online"]
[Date "2021.03.09"]
[EventDate "2021.03.09"]
[Round "4.281"]
[White "Bucchi, Andrea"]
[WhiteElo "1559"]
[WhiteTeam "Wessex Some Stars G"]
[Black "Liu, Wenle"]
[BlackElo "1162"]
[BlackTeam "St Benildus E"]
[Result "1/2-1/2"]
[PlyCount "61"]

1. e4 e5 2. Nf3 Nc6 3. Bc4 Bc5 4. c3 Nf6 5. d4 exd4 6. cxd4 Bb4+ 7. Nc3 d5 8. exd5 Nxd5 9. O-O Bxc3 10. bxc3 O-O 11. Qd3 Nf6 12. Bg5 h6 13. Bh4 Bg4 14. Ne5 Nxe5 15. dxe5 Qxd3 16. Bxd3 Nd7 17. Rfe1 Rfe8 18. f4 Nc5 19. Be2 Bxe2 20. Rxe2 f6 21. Rae1 fxe5 22. Rxe5 Rxe5 23. Rxe5 b6 24. Re7 Na6 25. Bf2 c5 26. g3 Kf8 27. Rd7 Nb8 28. Rc7 Na6 29. Rd7 Nb8 30. Rc7 Na6 31. Rd7 1/2-1/2

[Event "4NCL Online Division 7"]
[Site "online"]
[Date "2021.03.09"]
[EventDate "2021.03.09"]
[Round "4.282"]
[White "Hand, Joseph"]
[WhiteElo "1092"]
[WhiteTeam "St Benildus E"]
[Black "Peacock, Christopher D"]
[BlackElo "1495"]
[BlackTeam "Wessex Some Stars G"]
[Result "1-0"]
[PlyCount "61"]

1. Nf3 d5 2. g3 e6 3. Bg2 Nf6 4. O-O c5 5. d3 Be7 6. Nbd2 Nc6 7. e4 dxe4 8. Nxe4 Nxe4 9. dxe4 O-O 10. Qe2 e5 11. b3 Qc7 12. Bb2 f6 13. Rfd1 Be6 14. Qe3 Nd4 15. Nxd4 cxd4 16. Qd3 Rac8 17. Rac1 Rfd8 18. Rf1 Qa5 19. a4 Bb4 20. f4 Rc7 21. fxe5 fxe5 22. Rf3 Rdc8 23. Rf2 Qc5 24. h4 Bc3 25. Bxc3 Qxc3 26. Qd1 Qxg3 27. Qh5 Qe3 28. Rf1 Rxc2 29. Qxe5 Bxb3 30. Qf5 Rf8 31. Qxf8# 1-0

[Event "4NCL Online Division 7"]
[Site "online"]
[Date "2021.03.09"]
[EventDate "2021.03.09"]
[Round "4.283"]
[White "Blythe, Douglas"]
[WhiteElo "1457"]
[WhiteTeam "Wessex Some Stars G"]
[Black "Gubala, Max"]
[BlackElo "1110"]
[BlackTeam "St Benildus E"]
[Result "1-0"]
[PlyCount "83"]

1. c4 Nf6 2. Nc3 c5 3. g3 e6 4. Bg2 d5 5. cxd5 exd5 6. d4 c4 7. Nf3 Qa5 8. O-O Be7 9. Ne5 Nc6 10. f4 O-O 11. h3 Bb4 12. Nb1 Bf5 13. a3 Bd6 14. Nc3 Qb6 15. e3 Bd3 16. Nxd3 cxd3 17. Qxd3 Ne7 18. Kh2 Qc6 19. e4 dxe4 20. Nxe4 Nxe4 21. Bxe4 Qb6 22. Bxh7+ Kh8 23. Be4 Rfd8 24. Qf3 Rac8 25. Re1 f5 26. Qh5+ Kg8 27. Bxf5 Nxf5 28. Qxf5 Qxd4 29. Qe6+ Kh8 30. Qe2 Qa4 31. Bd2 Rc2 32. Rad1 Re8 33. Qh5+ Kg8 34. Qxe8+ Qxe8 35. Rxe8+ Kf7 36. Ree1 a5 37. Kh1 Bc5 38. Bc3 Bf2 39. Rd7+ Kg6 40. Rxg7+ Kh6 41. Re6+ Kh5 42. Rg5# 1-0